Tonga Trivia Quiz - Statistieken

Algemene statistieken
  • Deze quiz is 244 keer genomen
  • De gemiddelde score is 10 van 14
Antwoordstatistieken
Hint Antwoord % Correct
Officiële talen Engels
96%
Dichtsbijzijnde landen Fiji
88%
Subregio van Oceanië waar Tonga in ligt {Poly}nesië
88%
Dichtsbijzijnde landen Samoa
86%
Land dat de buitenlandse zaken van Tonga overzag, maar nooit juridische controle had over de Tongaanse soevereiniteit, 1900-1970 Verenigd Koninkrijk
81%
Tonga's regeringsvorm Constitutionele {Monarchie}
79%
Nederlandse ontdekkingsreiziger die in 1643 de eerste Europeaan werd die het hoofdeiland van Tonga bezocht Abel Tasman
77%
Object dat te zien is op de vlag van Tonga Kruis
72%
Hoofdstad Nuku'alofa
72%
Nationale sport Rugby
67%
Officiële talen Tongaans
59%
18% van de Tonganen behoort tot deze in de VS gevestigde religieuze denominatie Heiligen der Laatste Dagen
47%
Tonga's hoofdeiland Tongatapu
31%
Bijnaam van Tonga, gegeven door kapitein James Cook De {Vriendelijke} Eilanden
24%
Geen overeenkomende quizzen gevonden
Scoreverdeling
Procent van Mensen met Elke Score
Percentiel versus Aantal Correcte Antwoorden
Uw Scoregeschiedenis
U heeft deze quiz nog niet genomen